00744cam a2200229 a 450000100100000000500170001000800410002702000150006804000200008308200200010310000380012324500620016126000340022330000210025765000250027865000290030391000280033291000070036004900090036795201230037699900150049900000888220200929161430.0960624s1996 mx 000 f spa d a9681902998 aDO-SdBNPdBNPHU aCh863.44bD687c1 aDonoso, José,d1924-199692151310aConjeturas sobre la memoria de mi tribu /cJosé Donoso. aMéxico :bAlfaguara,c1996. a284 p. ;c24 cm. 4aNovela chilena93163 4aLiteratura chilena93164 aCatalogación derivada aWM aBNGR 001054708MOaGRbGRcHDd2009-09-19iLF1l0oCh863.44 D687cp8882-10r2020-06-25w2020-06-25y4ZPréstamo en sala c8651d8651